| 000 | 00759nam a22002657a 4500 | ||
|---|---|---|---|
| 003 | 0 | ||
| 005 | 20180719140538.0 | ||
| 008 | 0 | ||
| 010 | _aA-898738, A-898741 | ||
| 020 |
_c75.00 _a8175640987 |
||
| 035 | _aA-898738, A-898741 | ||
| 037 | _bCen Lib/Ret | ||
| 040 |
_aDPL _bEN _c0 |
||
| 082 |
_a574.03 _bSAH |
||
| 100 |
_aSahni _940205 |
||
| 245 |
_aSahni's dictionary of biology / _cby Sahni; compiled by S. K. Tuli |
||
| 246 | _b | ||
| 260 |
_bSahni Publications _c1999 _aNew Delhi |
||
| 270 |
_bNew Delhi _a4777, Dr. Mitra Gali, Roshanara Road _e110007 |
||
| 300 |
_a304p. _c22cm(Hb) |
||
| 650 |
_aBiology _910215 |
||
| 650 |
_aBiology -- Dictionaries _940206 |
||
| 700 |
_aTuli, S. K. _940207 |
||
| 942 |
_2ddc _cEN _h574.03 _mSAH |
||
| 999 |
_c134252 _d134252 |
||